[Event "Promesas"]
[Site "Ronda ESP"]
[Date "2007.11.01"]
[Round "2"]
[White "Arribas Lopez,A"]
[Black "Lopez Gonzalez,D"]
[Result "0-1"]
[WhiteElo "2312"]
[BlackElo "2176"]

1.Nf3 d5 2.g3 Nf6 3.Bg2 c6 4.O-O Bg4 5.Ne5 Bh5 6.c4 e6 7.cxd5 cxd5 8.d4 Be7
9.Nc3 O-O 10.Qb3 Qb6 11.Qxb6 axb6 12.Bg5 Nc6 13.Nxc6 bxc6 14.Rfc1 h6 15.Bf4 g5
16.Bd2 Nd7 17.e4 Rfc8 18.a3 Kg7 19.b4 b5 20.Be3 Nb6 21.Bf1 dxe4 22.Nxe4 Bf3
23.Nc5 Bd5 24.Nb7 Nc4 25.Bxc4 Bxc4 26.Na5 Bd5 27.Bd2 Bd8 28.a4 bxa4 29.Rxa4 Rab8
30.Nc4 Be7 31.Ne5 Rb7 32.Bc3 f6 33.Ng4 Rcb8 34.Rb1 h5 35.Ne3 Be4 36.Rb2 Kf7
37.Kf1 Bd3+ 38.Kg2 g4 39.f3 gxf3+ 40.Kxf3 f5 41.Kf2 h4 42.Rd2 Bb5 43.Ra1 Bg5
44.gxh4 Bxh4+ 45.Kf3 Bf6 46.Rda2 Rh8 47.Ra7 Rxa7 48.Rxa7+ Kg6 49.Kg2 Bd3
50.Kg1 Rh4 51.Rd7 Bg5 52.Ng2 Rg4 53.h3 Rg3 54.Kh2 Rf3 55.Rd6 Be4 56.Be1 Bd5
57.Rd7 Rb3 58.h4 Bh6 59.Bf2 Rb2 60.h5+ Kxh5 61.Kg1 Bxg2 62.Kxg2 Be3 63.Kf3 Bxf2
64.Rd6 Bh4 65.Rxe6 Rxb4 66.Kf4 Rxd4+ 67.Kxf5 Rd5+ 68.Ke4 Rc5 69.Kd4 Rc1 70.Re5+ Kg6
71.Kd3 Bf6 72.Ra5 Rc3+ 73.Kd2 c5 74.Ra6 Rh3 75.Rc6 Rh5 76.Kd3 Kf7 77.Kc4 Bd4
78.Ra6 Re5 79.Rc6 Ke7 80.Rg6 Re6 81.Rg8 Kd6 82.Rd8+ Ke5 83.Rd5+ Ke4 84.Rd8 Kf3
85.Rf8+ Ke2 86.Ra8 Re3 87.Ra2+ Kd1 88.Rh2 Rc3+ 89.Kd5 Kc1 90.Rh1+ Kb2 91.Rh7 Be3
92.Rc7 Kc2 93.Ke4 Bd4 94.Ra7 Kb3 95.Kd5 Rh3 96.Rf7 Rh5+ 97.Ke4 Rh4+ 98.Kd5 c4  0-1

[Event "IV Festival"]
[Site "Figueira da Foz POR"]
[Date "2007.11.02"]
[Round "7"]
[White "Frois,A"]
[Black "Morais,M POR"]
[Result "1-0"]
[WhiteElo "2354"]
[BlackElo "2097"]

1.Nf3 d5 2.g3 Bg4 3.Bg2 c6 4.O-O Nf6 5.d3 h5 6.Qe1 h4 7.Nxh4 e5 8.e4 dxe4
9.dxe4 Nbd7 10.Be3 Qc7 11.Nd2 Nc5 12.a4 Ne6 13.f3 Bh5 14.Nb3 c5 15.Qa5 b6
16.Qb5+ Nd7 17.a5 Nd4 18.axb6 Nxb5 19.bxc7 Nxc7 20.Bh3  1-0

[Event "KNSB TCh-NED 2007-8"]
[Site "Netherlands NED"]
[Date "2007.11.03"]
[Round "3"]
[White "Heemskerk,W"]
[Black "Kroeze,F"]
[Result "1-0"]
[WhiteElo "2233"]
[BlackElo "2446"]

1.Nf3 d5 2.g3 Bg4 3.Bg2 Nd7 4.c4 c6 5.cxd5 cxd5 6.O-O Ngf6 7.d3 e6 8.Bf4 Be7
9.Nc3 O-O 10.Qb1 Rc8 11.Rc1 Qb6 12.Be3 Qa6 13.h3 Bh5 14.g4 Bg6 15.Nh4 Bd6
16.b4 Be5 17.Nxg6 hxg6 18.Bd2 Bb8 19.Qb3 Qd6 20.Nb5 Qh2+ 21.Kf1 a6 22.Nd4 Qd6
23.Rxc8 Rxc8 24.Rc1 Re8 25.Nf3 e5 26.Ng5 Ba7 27.e4 Nh7 28.Qxd5 Qf6 29.Nf3 Ndf8
30.Qxb7  1-0

[Event "FSIMB November"]
[Site "Budapest HUN"]
[Date "2007.11.04"]
[Round "2"]
[White "Berczes,C"]
[Black "Adams,N"]
[Result "1/2-1/2"]
[WhiteElo "2419"]
[BlackElo "2220"]

1.Nf3 d5 2.g3 c5 3.Bg2 Nc6 4.O-O Nf6 5.c4 e6 6.b3 Be7 7.Bb2 O-O 8.d3 Re8
9.Nbd2 Bf8 10.a3 d4 11.Re1 e5 12.e3 a5 13.exd4 cxd4 14.Ng5 Bg4 15.Qc2 Nd7
16.Ngf3 Nc5 17.Ne4 Nd7 18.h3 Bh5 19.g4 Bg6 20.Nfd2 Rc8 21.Rf1 b6 22.f4 exf4
23.Rxf4 Nc5 24.Raf1 Ne6 25.R4f2 Be7 26.Re2 Qc7 27.Nf3 Nf4 28.Ree1 Bc5 29.Nh4 Bxe4
30.Bxe4 Nxh3+ 31.Kg2 Ng5 32.Bf5 Rcd8 33.Bc1 Re3 34.Bxe3 dxe3 35.Nf3 Nxf3
36.Rxf3 Nd4 37.Qd1 Nxf3 38.Qxf3 g6 39.Be4 Qe5 40.Bd5 Rd7 41.Kh3 Kg7 42.b4 axb4
43.axb4 Bd6 44.Re2 Re7 45.Be4 Bxb4 46.Qxe3 Bc5  1/2-1/2

[Event "ETCC w"]
[Site "Crete GRE"]
[Date "2007.11.04"]
[Round "7"]
[White "Voiska,M"]
[Black "Mkrtchian,L"]
[Result "1/2-1/2"]
[WhiteElo "2294"]
[BlackElo "2402"]

1.Nf3 d5 2.g3 c6 3.Bg2 Bg4 4.d3 Nd7 5.O-O Ngf6 6.c4 e6 7.cxd5 exd5 8.Nc3 Be7
9.h3 Bxf3 10.Bxf3 d4 11.Ne4 O-O 12.Nxf6+ Bxf6 13.b4 Re8 14.Rb1 a6 15.a4 Nb6
16.b5 axb5 17.axb5 Nd5 18.bxc6 bxc6 19.Rb7 Qc8 20.Qb3 Qxh3 21.Bxd5 cxd5 22.Qxd5 Qe6  1/2-1/2

[Event "ETCC"]
[Site "Crete GRE"]
[Date "2007.11.04"]
[Round "7"]
[White "Morozevich,A"]
[Black "Tkachiev,V"]
[Result "1-0"]
[WhiteElo "2755"]
[BlackElo "2661"]

1.Nf3 d5 2.g3 Nf6 3.Bg2 g6 4.c4 c6 5.b3 Bg7 6.Bb2 O-O 7.O-O dxc4 8.bxc4 c5
9.Nc3 Nc6 10.d3 Rb8 11.Nd2 Nd4 12.e3 Ne6 13.Qe2 b6 14.f4 Nc7 15.Nf3 Bg4 16.a4 Nfe8
17.Ra3 Nd6 18.Nb5 a6 19.Bxg7 Kxg7 20.Na7 Qd7 21.Ne5 Bxe2 22.Nxd7 Bxf1 23.Kxf1 Rfd8
24.Nxb8 Rxb8 25.Rb3 b5 26.axb5 axb5 27.cxb5 Ncxb5 28.Kf2 Rb6 29.Bd5  1-0

[Event "VIII Int Rapid"]
[Site "El Sauzal ESP"]
[Date "2007.11.04"]
[Round "8"]
[White "Villavicencio Martinez,C"]
[Black "Khenkin,I"]
[Result "0-1"]
[WhiteElo "2195"]
[BlackElo "2600"]

1.Nf3 d5 2.g3 g6 3.Bg2 Bg7 4.O-O e5 5.d3 Nc6 6.Nbd2 Nge7 7.c4 O-O 8.Rb1 a5
9.b3 Re8 10.a3 h6 11.e3 Bf5 12.Ne1 Be6 13.Qc2 Qd7 14.b4 axb4 15.axb4 Bh3
16.b5 Nd8 17.Bb2 Bxg2 18.Kxg2 Ne6 19.Nef3 Ng5 20.Nxe5 Qh3+ 21.Kg1 Nf5 22.Nef3 Rxe3
23.Nxg5 hxg5 24.Bxg7 Re2 25.Ra1 Rae8 26.Bc3 Ne3  0-1

[Event "13th Venice Autumn"]
[Site "Venice ITA"]
[Date "2007.11.04"]
[Round "5"]
[White "Omeri,S"]
[Black "Horton Kitchlew,A"]
[Result "1-0"]
[WhiteElo "2181"]
[BlackElo "2097"]

1.Nf3 d5 2.g3 Nc6 3.c4 d4 4.d3 e5 5.Bg2 Be7 6.O-O h5 7.e3 h4 8.exd4 hxg3
9.hxg3 Bg4 10.Re1 exd4 11.Qa4 Kf8 12.a3 Qd7 13.b4 Ne5 14.Qd1 Qf5 15.Rxe5 Qxe5
16.Nxe5 Bxd1 17.Bxb7 Rd8 18.Ra2 Bd6 19.Bf3 Bb3 20.Rb2 Ba4 21.Nc6 Re8 22.Bd2 Bxc6
23.Bxc6 Re5 24.c5 Be7 25.Kf1 g5 26.Rc2 Nf6 27.Rc4 Nd5 28.Kg2 Rh6 29.Bb7 c6
30.Rxd4 f5 31.Nc3 Nxc3 32.Bxc3 Re2 33.Bc8 Ra2 34.Bxf5 Rxa3 35.Rc4 Ra2 36.Be5 Kf7
37.g4 Bf6 38.Bxf6 Kxf6 39.Rd4 Ke5 40.Re4+ Kd5 41.Kg3 a5 42.bxa5 Kxc5 43.Re8 Rh1
44.Be4 Rg1+ 45.Bg2 Kd6 46.Rd8+ Kc7 47.Ra8 Kb7 48.Rg8 Rxa5 49.Rg6 Rc5 50.d4 Ra5
51.Kh2 Rc1 52.d5 cxd5 53.Rxg5 Kc6 54.Rg8 Kd6 55.Rd8+ Ke6 56.Re8+ Kd6 57.Re2 d4
58.Be4 Rc3 59.f3 Ke5 60.Kg3 Re3 61.Bd3 Ra3 62.Rxe3+ dxe3 63.f4+ Kd4 64.Be2 Ke4
65.g5 Ra2 66.g6 Ra7 67.Kg4 Rg7 68.f5 Ke5 69.Kg5 Ra7 70.f6 Ra2 71.Bg4 Rf2
72.g7 e2 73.g8=Q  1-0

[Event "ETCC"]
[Site "Crete GRE"]
[Date "2007.11.05"]
[Round "8"]
[White "Roiz,M"]
[Black "Pavasovic,D"]
[Result "1/2-1/2"]
[WhiteElo "2644"]
[BlackElo "2597"]

1.Nf3 d5 2.g3 Bg4 3.Bg2 Nd7 4.c4 e6 5.cxd5 exd5 6.h3 Bxf3 7.Bxf3 Ngf6 8.O-O c6
9.d3 Bc5 10.e3 O-O 11.Bg2 Re8 12.Nd2 a5 13.Nf3 Qe7 14.Qc2 a4 15.a3 Bb6 16.Bd2 Ba5
17.Bc3 Qc5 18.Rfc1 Qd6 19.Nd4 g6 20.Rd1 Ra6 21.Rab1 Rea8 22.Ne2 R6a7 23.Bxf6 Qxf6
24.Qxa4 Bc7 25.Qc2 Bb6 26.d4 h5 27.h4 Qe7 28.Bf3 Nf6 29.Kg2 Ne8 30.Nf4 Bc7
31.Rh1 Bxf4 32.gxf4 Nd6 33.Rbg1 f5 34.Kh3 Kf7 35.Rg5 Ne4 36.Bxe4 Qxe4 37.Qxe4 dxe4
38.Rhg1 Rg8 39.f3 exf3 40.Kg3 Ra6 41.Kxf3 Rb6 42.R5g2 Rb3 43.Rc1 Rd8 44.Rc4 Rd5
45.a4 Ra5 46.Rgc2 Kf6 47.Kf2 Ke6 48.Kf3 Kf6 49.Re2 Ke6 50.Rg2 Kf7 51.Rh2 Ke7
52.Rd2 Kf7 53.Ke2 Ke6 54.Rdc2 Kf6 55.R4c3 Rxc3 56.bxc3 Rxa4 57.c4 Rb4 58.Kf3 Ke6
59.c5 Rb3 60.Rg2 Kf6 61.Ra2 Ke6 62.Ra8 Rb2 63.Rb8 Rb5 64.Ke2 Rb3 65.Rd8 Ke7
66.Rg8 Kf7 67.Rh8 Ke6  1/2-1/2

[Event "ETCC w"]
[Site "Crete GRE"]
[Date "2007.11.05"]
[Round "8"]
[White "Stojanovic,An"]
[Black "Narva,R"]
[Result "1-0"]
[WhiteElo "2274"]
[BlackElo "2094"]

1.Nf3 d5 2.g3 Nf6 3.Bg2 Bf5 4.O-O e6 5.c4 c6 6.d3 Be7 7.Qb3 Qc8 8.Re1 O-O
9.Nc3 Nbd7 10.cxd5 exd5 11.Qc2 h6 12.e4 dxe4 13.dxe4 Bh7 14.Nd4 Bc5 15.Nb3 Bb6
16.Na4 Re8 17.Nxb6 Nxb6 18.Nc5 Nbd5 19.Qd1 Nc7 20.f3 b6 21.Nb3 c5 22.Be3 Qe6
23.Qe2 a5 24.Nd2 Rad8 25.a4 Qc6 26.Nc4 Ne6 27.Na3 Qxa4 28.Nb5 Qb4 29.Rac1 Nd4
30.Nxd4 cxd4 31.Rc4 Qe7 32.Rxd4 Rxd4 33.Bxd4 Nd7 34.Qb5 Qd6 35.Bf2 Rb8 36.Rc1 Ne5
37.Qxb6 Qxb6 38.Bxb6 Bxe4 39.Bc7 Rc8 40.fxe4 Nd3 41.Rc3 Nxb2 42.Bxa5 Ra8
43.Rc5 Rb8 44.Bh3 Nd3 45.Rc8+ Rxc8 46.Bxc8 Nc5 47.e5 Nd3 48.Bc3 g6 49.Kf1 Nc5
50.Ke2 Ne4 51.Bd4 Kf8 52.Be3 f6 53.Kd3  1-0

[Event "ETCC w"]
[Site "Crete GRE"]
[Date "2007.11.06"]
[Round "9"]
[White "Rautanen,S"]
[Black "Schink,B"]
[Result "1/2-1/2"]
[WhiteElo "1961"]
[BlackElo "2031"]

1.Nf3 d5 2.g3 c6 3.Bg2 Bg4 4.O-O Nd7 5.d3 e5 6.e4 Ngf6 7.Qe1 Bd6 8.h3 Bh5
9.Nbd2 O-O 10.c3 Re8 11.b3 Bc7 12.Bb2 Nc5 13.Qe2 a5 14.Rad1 Qc8 15.g4 Bg6
16.Nh4 Ne6 17.Nxg6 hxg6 18.Qf3 Nf4 19.Rfe1 b5 20.Nf1 Qa6 21.Ng3 Nh7 22.h4 Nf6
23.Ne2 dxe4 24.dxe4 Nxg2 25.Kxg2 Qc8 26.Kg3 Qe6 27.Rd2 a4 28.c4 bxc4 29.bxc4 Qxc4
30.Nc3 Ba5 31.Rc2 Rad8 32.Qe2 Qd3+ 33.Qxd3 Rxd3+ 34.f3 a3 35.Ba1 Red8 36.Ree2 R8d6
37.Na4 Nd7 38.Nc5 Nxc5 39.Rxc5 Bb4 40.Rc4 c5 41.Bxe5 Rd7 42.Rec2 f6 43.Bc3 Bxc3  1/2-1/2

[Event "ETCC w"]
[Site "Crete GRE"]
[Date "2007.11.06"]
[Round "9"]
[White "Bosboom Lanchava,T"]
[Black "Vajda,S"]
[Result "0-1"]
[WhiteElo "2379"]
[BlackElo "2407"]

1.Nf3 d5 2.g3 Nf6 3.Bg2 c6 4.O-O Bg4 5.d4 Nbd7 6.b3 e6 7.c4 Bd6 8.Bb2 Qb8
9.Nbd2 h6 10.Re1 O-O 11.e4 Bb4 12.exd5 exd5 13.Qc2 Ne4 14.Rec1 Nxd2 15.Nxd2 Nf6
16.Nf1 Re8 17.Ne3 Be6 18.a3 Bf8 19.Qd3 Qd8 20.h3 Qd7 21.Kh2 g6 22.c5 h5 23.Rf1 Bh6
24.f4 Bf5 25.Nxf5 Qxf5 26.Qxf5 gxf5 27.Rae1 Ne4 28.Bc1 Bg7 29.Be3 Re6 30.Bf3 Rae8
31.g4 hxg4 32.hxg4 Nxc5 33.dxc5 Rxe3 34.Rxe3 Rxe3 35.Bd1 fxg4 36.Bxg4 Rxb3
37.Re1 Bh6 38.Re8+ Kg7 39.f5 Bf4+ 40.Kh1 Rxa3 41.Re7 b6 42.cxb6 axb6 43.Rb7 Rb3
44.Be2 Rb2 45.Bf3 Kf6 46.Kg1 Be3+ 47.Kh1 Kxf5 48.Rxf7+ Ke5 49.Bg4 c5 50.Rf5+ Ke4
51.Rf8 Bf4 52.Re8+ Be5 53.Kg1 c4 54.Kf1 c3  0-1

[Event "ETCC w"]
[Site "Crete GRE"]
[Date "2007.11.06"]
[Round "9"]
[White "Chelushkina,I"]
[Black "Kadimova,I"]
[Result "0-1"]
[WhiteElo "2351"]
[BlackElo "2287"]

1.Nf3 d5 2.g3 Nf6 3.Bg2 c6 4.c4 dxc4 5.Qc2 Qd5 6.Nh4 Qd4 7.Na3 Be6 8.O-O Nbd7
9.Qc3 Qxc3 10.dxc3 Bd5 11.f3 e5 12.Bh3 Bc5+ 13.Kh1 e4 14.Nf5 O-O 15.Be3 exf3
16.exf3 g6 17.Bxc5 Nxc5 18.Ne3 b5 19.Rad1 a6 20.Nac2 Rfe8 21.Kg1 Kg7 22.Rd2 Ra7
23.Nxd5 Nxd5 24.Nd4 Rc7 25.Ra1 Nd3 26.Bf1 c5 27.Nc2 Ne3 28.b3 Nxc2 29.Rxc2 Rce7
30.bxc4 bxc4 31.Rd2 Re3 32.f4 Ne1 33.Rd5 Rxc3 34.Rxc5 Rc2 35.Kh1 Rf2 36.Kg1 Rc2
37.Kh1 c3 38.Rd1 Rf2 39.Kg1 Rd2 40.Rxd2 cxd2 41.Rd5 Re3 42.Kf2 Nd3+ 43.Kxe3 d1=Q
44.Bxd3 Qg1+ 45.Ke4 Qg2+ 46.Ke5 Qxa2 47.h4 Qb2+ 48.Kd6 Qb6+ 49.Ke7 Qe6+  0-1

[Event "ch-IND w"]
[Site "Pune IND"]
[Date "2007.11.06"]
[Round "1"]
[White "Syed,Nab"]
[Black "Swathi,G"]
[Result "0-1"]
[WhiteElo "2093"]
[BlackElo "2316"]

1.Nf3 d5 2.g3 Nf6 3.Bg2 c6 4.O-O Bg4 5.d4 Nbd7 6.Nbd2 e6 7.c4 Be7 8.c5 b6
9.cxb6 axb6 10.Nb3 O-O 11.h3 Bh5 12.a3 h6 13.Bf4 c5 14.Rc1 Bg6 15.Re1 c4
16.Na1 b5 17.Bd2 Ne4 18.Nc2 Bf6 19.Bb4 Re8 20.Nd2 Nb6 21.Nxe4 dxe4 22.Bc5 Na4
23.Rb1 Nxc5 24.dxc5 Qc7 25.b4 cxb3 26.Rxb3 Qxc5 27.e3 Rec8 28.Re2 Ra4 29.Qb1 Rc4
30.Rxb5 Qd6 31.Bf1 Kh7 32.Rb4 R4c6 33.Qa2  0-1

[Event "ch-IND w"]
[Site "Pune IND"]
[Date "2007.11.10"]
[Round "6"]
[White "Syed,Nab"]
[Black "Preethi,R"]
[Result "1-0"]
[WhiteElo "2093"]
[BlackElo "2125"]

1.Nf3 d5 2.g3 Nf6 3.Bg2 c5 4.c4 e6 5.O-O Nc6 6.cxd5 exd5 7.d4 Ne4 8.Nbd2 Be7
9.dxc5 Bxc5 10.Nxe4 dxe4 11.Ng5 f5 12.Qa4 Qe7 13.Rd1 O-O 14.Nh3 Bd7 15.Bg5 Qf7
16.Rxd7 Qxd7 17.Qc4+ Kh8 18.Qxc5 Rac8 19.Nf4 Qf7 20.Qd6 Qc4 21.Qd5 Nd4 22.Qxc4 Rxc4
23.e3 Nc6 24.b3 Rc2 25.Ne6 Re8 26.Nd4 Rd2 27.Nxc6 bxc6 28.h4 h6 29.Bf4 Red8
30.Bf1 Rc2 31.Bc4 Rdd2 32.Rf1 Rxa2 33.h5 g6 34.hxg6 Kg7 35.Bf7 Ra5 36.Kg2 Rd7
37.Rh1 Rxf7 38.gxf7 Kxf7 39.Rxh6 Rc5 40.Rh7+ Ke6 41.Rxa7 Rb5 42.Rc7 c5 43.Rc6+ Kd7
44.Rf6 Rxb3 45.Rxf5 Kc6 46.Re5 c4 47.Rxe4 c3 48.Rc4+ Kb5 49.Rc8 Kb4 50.Rb8+ Kc4
51.Rxb3 Kxb3 52.e4 Kc4 53.g4 Kd4 54.f3  1-0

[Event "TCh-HUN 2007-8"]
[Site "Budapest HUN"]
[Date "2007.11.11"]
[Round "2"]
[White "Csom,I"]
[Black "Hajnal,Z"]
[Result "1/2-1/2"]
[WhiteElo "2455"]
[BlackElo "2381"]

1.g3 d5 2.Nf3 Nf6 3.Bg2 c6 4.d3 h6 5.Nbd2 Bf5 6.Nh4 Bh7 7.e4 e6 8.Qe2 Be7
9.O-O O-O 10.f4 Re8 11.Kh1 c5  1/2-1/2

[Event "Open"]
[Site "Liberec CZE"]
[Date "2007.11.13"]
[Round "4"]
[White "Jiruse,J"]
[Black "Agafonov,Y"]
[Result "1/2-1/2"]
[WhiteElo "2153"]
[BlackElo "2173"]

1.Nf3 d5 2.g3 c5 3.Bg2 Nc6 4.O-O e5 5.d3 Nf6 6.e4 d4 7.a4 Bd6 8.Na3 h6 9.Nc4 Bc7
10.Nh4 g6 11.f4 exf4 12.Bxf4 Bxf4 13.gxf4 Ng4 14.Nf3 Be6 15.h3 Nf6 16.Nfe5 Nxe5
17.fxe5 Nd7 18.Nd6+ Ke7 19.Qd2 Nxe5 20.Nxb7 Qc7 21.Na5 Rab8 22.b3 g5 23.Nc4 Rhg8
24.Qf2 Nxc4 25.Qf6+ Kd7 26.dxc4 Rg6 27.Qf2 Qe5 28.Rad1 Ke7 29.Rd3 Rf6  1/2-1/2

[Event "Open"]
[Site "Liberec CZE"]
[Date "2007.11.14"]
[Round "5"]
[White "Vavra,P2"]
[Black "Malec,Jan"]
[Result "1/2-1/2"]
[WhiteElo "2125"]
[BlackElo "2059"]

1.Nf3 d5 2.g3 Nf6 3.Bg2 c6 4.d3 Bg4 5.Nbd2 Nbd7 6.c4 e6 7.O-O Be7 8.Qc2 O-O
9.b3 Rc8 10.Bb2 Qc7 11.Rac1 Rfd8 12.Rfe1 Bh5 13.a3 Ne8 14.b4 a5 15.c5 axb4
16.axb4 b6 17.Nb3 bxc5 18.bxc5 Rb8 19.Bc3 Ra8 20.e4 dxe4 21.dxe4  1/2-1/2

[Event "Open"]
[Site "Liberec CZE"]
[Date "2007.11.14"]
[Round "5"]
[White "Klyszcz,M"]
[Black "Cakl,Z"]
[Result "1-0"]
[WhiteElo "2018"]
[BlackElo "2126"]

1.Nf3 d5 2.g3 Bg4 3.Bg2 Qc8 4.c4 Nf6 5.cxd5 Nxd5 6.Qb3 Bxf3 7.Bxf3 c6 8.Nc3 Nxc3
9.bxc3 Nd7 10.d4 e6 11.Rb1 Qd8 12.Qc2 Nb6 13.a4 Rb8 14.a5 Nd5 15.e4 Nc7 16.O-O Be7
17.Rd1 O-O 18.c4 Bg5 19.Bb2 Bf6 20.Bc3 Na6 21.e5 Be7 22.Qe4 Qc7 23.Kg2 b5
24.axb6 Rxb6 25.Ba5 c5 26.Bxb6 axb6 27.d5 exd5 28.cxd5 Bd8 29.Qc4 Nb4 30.d6 Qd7
31.Kg1 Qf5 32.Qe4 Qxe4 33.Bxe4 Re8 34.f4 Kf8 35.Rxb4 cxb4 36.Bc6 g5 37.Bxe8 Kxe8
38.Kg2 Kd7 39.Rb1 f6 40.Rxb4 fxe5 41.fxe5 Ke6 42.Rb5 h5 43.Kf3 Kf5 44.Ke3 g4
45.Kd4 Ke6 46.Ke4  1-0

[Event "ch-IND w"]
[Site "Pune IND"]
[Date "2007.11.15"]
[Round "11"]
[White "Syed,Nab"]
[Black "Swati,M"]
[Result "0-1"]
[WhiteElo "2093"]
[BlackElo "2112"]

1.Nf3 d5 2.g3 Nf6 3.Bg2 e6 4.O-O Be7 5.d3 O-O 6.Nbd2 c5 7.c4 Nc6 8.b3 b6
9.Bb2 Bb7 10.d4 cxd4 11.Nxd4 Nxd4 12.Bxd4 Rc8 13.Bb2 Rc7 14.Rc1 Qa8 15.Be5 Rd7
16.Qc2 dxc4 17.Bxb7 cxb3 18.Bxa8 bxc2 19.Bf3 Rxd2 20.Bf4 Rd7 21.Rxc2 Bc5
22.Bc6 Rdd8 23.Bg5 Rc8 24.Bxf6 Rxc6 25.Bd4 Rfc8 26.Rfc1 Kf8 27.Kg2 f6 28.Kf3 Ke7
29.h3 Kd7 30.Bb2 e5 31.Rd2+ Rd6 32.Rxd6+ Kxd6 33.Rd1+ Ke6 34.Rc1 Rd8 35.Rc2 f5
36.g4 fxg4+ 37.Kxg4 Bxf2 38.Rc6+ Kd7 39.Rc1 Bd4 40.Rd1 Kc7 41.Rc1+ Kb7 42.Rd1 Rf8
43.Bc1 Kc6 44.Rd3 Rf1 45.Bg5 g6 46.e3 Bc5 47.Rd8 Rg1+ 48.Kh4 Rxg5  0-1

[Event "TCh-FIN 2007-8"]
[Site "Finland FIN"]
[Date "2007.11.17"]
[Round "4"]
[White "Maki,V"]
[Black "Vaatainen,T"]
[Result "1-0"]
[WhiteElo "2405"]
[BlackElo "2254"]

1.g3 d5 2.Nf3 c6 3.Bg2 Bg4 4.O-O e6 5.c4 Nd7 6.d3 Ngf6 7.b3 b5 8.Nc3 b4 9.Na4 Bxf3
10.Bxf3 Bd6 11.e4 dxe4 12.dxe4 Qc7 13.Bg2 Rd8 14.Qe2 Be5 15.Bb2 O-O 16.Bxe5 Nxe5
17.f4 Ng6 18.e5 Nd7 19.Rad1 Ne7 20.Be4 Nb6 21.Nb2 Nd7 22.Nd3 Qb6+ 23.Qf2 Qxf2+
24.Kxf2 a5 25.Ke3 f6 26.exf6 gxf6 27.Rd2 f5 28.Bf3 a4 29.Rfd1 axb3 30.axb3 Ra8
31.Nxb4 Nc5 32.Nxc6 Nxc6 33.Bxc6 Ra3 34.Rb1 Rb8 35.Bb5 Kf7 36.Rd6 Ke7 37.Rdd1 h5
38.Kd4 Nxb3+ 39.Kc3 Na5+ 40.Kb4 Nxc4 41.Kxc4 h4 42.Rd7+ Kf6 43.Re1 Rc8+ 44.Kb4 Ra2
45.Bc4 Rb2+ 46.Kc3 Rb6 47.Rh7 Rbc6 48.Rxe6+ Rxe6 49.Rh6+ Kg7 50.Rxe6 hxg3
51.hxg3  1-0

[Event "WYg18"]
[Site "Kemer TUR"]
[Date "2007.11.18"]
[Round "1"]
[White "Bogdan,El"]
[Black "Hamrakulova,Y"]
[Result "0-1"]
[WhiteElo "1861"]
[BlackElo "2185"]

1.Nf3 d5 2.g3 Nf6 3.Bg2 Bg4 4.d3 Nbd7 5.O-O c6 6.Nbd2 e5 7.Qe1 Be7 8.e4 dxe4
9.Nxe4 O-O 10.Qc3 Nd5 11.Qb3 Qc7 12.Re1 a5 13.c4 N5f6 14.Ned2 Nc5 15.Qa3 Rfe8
16.Qc3 Qb6 17.Rf1 Rad8 18.Nb3 e4 19.Ng5 exd3  0-1

[Event "WYg16"]
[Site "Kemer TUR"]
[Date "2007.11.19"]
[Round "2"]
[White "Winkelmann,E"]
[Black "Hamza,A"]
[Result "1-0"]
[WhiteElo "2115"]
[BlackElo "1961"]

1.Nf3 d5 2.g3 Nf6 3.Bg2 g6 4.b3 Bg7 5.Bb2 O-O 6.d3 c6 7.Nbd2 Nbd7 8.O-O b6
9.c4 Bb7 10.Rc1 Rc8 11.Re1 Re8 12.b4 c5 13.cxd5 Bxd5 14.b5 e5 15.e4 Ba8 16.Qb3 Qc7
17.Nc4 Nh5 18.a4 Kh8 19.Ng5 Re7 20.Ra1 f6 21.Nh3 Rd8 22.Bf3 Nf8 23.Bxh5 gxh5
24.f3 Qd7 25.Nf2 Ng6 26.Ne3 Ree8 27.a5 Rg8 28.axb6 axb6 29.Nc4 Rb8 30.Ra6 Qc7
31.Rea1 Bh6 32.Ra7 Bb7 33.R1a6 Ra8 34.Rxa8 Bxa8 35.Rxb6 Qd8 36.Rd6 Qe7 37.Ba3 Be3
38.Ra6 Bd4 39.Bb2 Nh4 40.Nd2 Bb7 41.Re6 Qg7 42.Bxd4 cxd4 43.Kf1 Ng6 44.Nc4 h4
45.Nd6 hxg3 46.hxg3 Bc8 47.Nxc8 Rxc8 48.Rc6 Rf8 49.b6 Rb8 50.Rc7 Qf8 51.b7 Qd8
52.Qf7  1-0

[Event "World Blitz"]
[Site "Moscow RUS"]
[Date "2007.11.21"]
[Round "3"]
[White "Kasimdzhanov,R"]
[Black "Morozevich,A"]
[Result "0-1"]
[WhiteElo "2690"]
[BlackElo "2755"]

1.Nf3 d5 2.g3 Nf6 3.Bg2 c6 4.O-O Bg4 5.d3 Nbd7 6.Nbd2 e6 7.Qe1 Be7 8.e4 O-O
9.h3 Bh5 10.e5 Ne8 11.Nh2 Nc7 12.Kh1 f6 13.Ndf3 f5 14.Bd2 c5 15.c4 Nb8 16.Ba5 b6
17.Bc3 Nc6 18.b3 Qd7 19.Rc1 Rad8 20.Ng1 b5 21.Ne2 bxc4 22.Nf4 Bf7 23.bxc4 d4
24.Ba5 Rb8 25.h4 Rb2 26.Nf3 Rxa2 27.Ra1 Rxa1 28.Qxa1 Rb8 29.Re1 Na6 30.Ng5 Bxg5
31.hxg5 Nab4 32.Bxb4 cxb4 33.c5 b3 34.Qa6 Nxe5 35.Rxe5 b2 36.Re1 b1=R 37.Rxb1 Rxb1+
38.Kh2 g6 39.c6 Qc7 40.Qc4 Rb8 41.Nxe6 Qd6 42.Bd5 Rc8 43.c7 a5 44.f4 a4 45.Kh3  0-1

[Event "20th Belgrade Trophy"]
[Site "Belgrade SRB"]
[Date "2007.11.22"]
[Round "1"]
[White "Momirovic,M"]
[Black "Sarenac,I"]
[Result "0-1"]
[WhiteElo "1840"]
[BlackElo "2224"]

1.Nf3 d5 2.g3 c5 3.Bg2 Nc6 4.d3 Nf6 5.O-O e6 6.Re1 Be7 7.Bg5 O-O 8.c3 h6
9.Bxf6 Bxf6 10.Na3 b6 11.e3 Bb7 12.d4 Qe7 13.e4 dxe4 14.Ne5 Nxe5 15.dxe5 Bxe5
16.Bxe4 Rad8 17.Qc2 Bxe4 18.Qxe4 Bf6 19.f4 Rd5 20.Qxd5 exd5 21.Rxe7 Bxe7
22.Re1 Bf6 23.Kf1 Rd8 24.Nb1 Kf8 25.Nd2 Re8 26.Rxe8+ Kxe8 27.Ke2 Kd7 28.Kd3 Ke6
29.Nf1 h5 30.h4 d4 31.c4 Kf5 32.Nh2 g6 33.a3 Be7 34.a4 Bf6 35.b3 a5 36.Nf1 Kg4
37.Ke2 d3+ 38.Kf2 Kh3 39.Kf3 Bc3 40.Ne3 d2 41.Ke2 Kxg3 42.f5 Kxh4 43.Nd5 Bd4
44.Nxb6 Kg3 45.fxg6 fxg6 46.Nc8 h4 47.Nd6 h3 48.Ne4+ Kf4 49.Nxd2 h2 50.Nf3 h1=Q
51.Nxd4 Qe4+  0-1

[Event "20th Belgrade Trophy"]
[Site "Belgrade SRB"]
[Date "2007.11.22"]
[Round "1"]
[White "Curic,T"]
[Black "Vreljanski,D"]
[Result "0-1"]
[WhiteElo "1521"]
[BlackElo "2196"]

1.Nf3 d5 2.g3 e6 3.Bg2 Nf6 4.O-O Be7 5.d4 O-O 6.Bf4 c5 7.c4 dxc4 8.Qa4 cxd4
9.Qxc4 Nc6 10.Rd1 Qb6 11.Nxd4 Nxd4 12.Be3 e5 13.Bxd4 exd4 14.b3 Be6 15.Qc2 Rac8
16.Qb2 Bf5 17.Rxd4 Rc2  0-1

[Event "20th Belgrade Trophy"]
[Site "Belgrade SRB"]
[Date "2007.11.22"]
[Round "1"]
[White "Chelushkina,I"]
[Black "Stefanovic,M"]
[Result "1-0"]
[WhiteElo "2351"]
[BlackElo "2017"]

1.g3 d5 2.Nf3 c6 3.Bg2 Bg4 4.h3 Bh5 5.d3 Nf6 6.Nbd2 e6 7.O-O Be7 8.c4 O-O
9.Rb1 Nbd7 10.b4 Qc7 11.Bb2 a5 12.b5 c5 13.cxd5 exd5 14.Nh4 Bg6 15.a4 Rad8
16.Rc1 b6 17.Ndf3 Nh5 18.Nxg6 hxg6 19.d4 Nhf6 20.dxc5 bxc5 21.e3 Nb6 22.Ne5 Bd6
23.Nc6 Rd7 24.Bc3 Nc4 25.Bxf6 Bxg3 26.Bg5  1-0

[Event "WYb16"]
[Site "Kemer TUR"]
[Date "2007.11.22"]
[Round "5"]
[White "Bregadze,L"]
[Black "Chirila,I"]
[Result "1/2-1/2"]
[WhiteElo "2394"]
[BlackElo "2423"]

1.Nf3 d5 2.g3 Bg4 3.Bg2 Nd7 4.O-O c6 5.d3 e6 6.Nbd2 Bd6 7.Qe1 Ne7 8.e4 O-O
9.h3 Bxf3 10.Nxf3 Qc7 11.Nh4 e5 12.f4 d4 13.f5 f6 14.g4 c5 15.Qg3 c4 16.g5 Rac8
17.Bf3 fxg5 18.Bxg5 Nf6 19.Kh1 cxd3 20.cxd3 Ned5 21.Rac1 Qe7 22.Rxc8 Rxc8
23.Bd1 Nf4 24.Bb3+ Kf8 25.Nf3 Nxd3 26.Bxf6 Qxf6 27.Ng5 Ke7 28.Nxh7 Qh6 29.f6+ gxf6
30.Nxf6 Nf4 31.Ng8+ Rxg8 32.Bxg8 Qxh3+ 33.Qxh3 Nxh3 34.Bd5 Nf4 35.Bxb7 Nd3
36.b3 Nb2 37.Rf2 Kd8 38.a3 Nd3 39.Rd2 Nf4 40.b4 Kc7 41.Ba6 Kb6 42.Bc4 a5
43.Rb2 axb4 44.axb4 Be7 45.Rb3 Bh4 46.Ra3 Ne6 47.Ra6+ Kc7 48.b5 d3 49.Rc6+ Kb7
50.Rd6 d2 51.b6 Bf2 52.Rxd2 Kxb6 53.Kh2 Kc6  1/2-1/2

[Event "American Open"]
[Site "Los Angeles USA"]
[Date "2007.11.22"]
[Round "1"]
[White "Simms,G"]
[Black "Bhat,V"]
[Result "0-1"]
[WhiteElo "2165"]
[BlackElo "2483"]

1.Nf3 d5 2.g3 c6 3.Bg2 Bg4 4.d3 Nd7 5.Nbd2 e5 6.O-O Bd6 7.e4 Ne7 8.h3 Bh5
9.c3 f6 10.a3 a5 11.b3 O-O 12.Bb2 Bf7 13.d4 Qb6 14.exd5 cxd5 15.dxe5 fxe5
16.c4 e4 17.Bd4 Qc7 18.Ng5 Nf5 19.Nxf7 Rxf7 20.Be3 d4 21.Bxe4 dxe3 22.fxe3 Nxe3
23.Bxh7+ Kh8 24.Qh5 Nf6 25.Rxf6 gxf6 26.Bg6+ Rh7 27.Bxh7 Qxh7 28.Qf3 Qf5
29.Qxb7 Rg8  0-1

[Event "World Blitz"]
[Site "Moscow RUS"]
[Date "2007.11.22"]
[Round "26"]
[White "Morozevich,A"]
[Black "Rublevsky,S"]
[Result "1-0"]
[WhiteElo "2755"]
[BlackElo "2676"]

1.Nf3 d5 2.g3 Bg4 3.Bg2 Nd7 4.d3 c6 5.h3 Bh5 6.g4 Bg6 7.Nh4 e6 8.Nxg6 hxg6
9.e3 Bd6 10.Qe2 Ne7 11.Nd2 g5 12.Nf3 Ng6 13.Bd2 Nde5 14.O-O-O Qf6 15.Bc3 Nxf3
16.Bxf6  1-0

[Event "20th Belgrade Trophy"]
[Site "Belgrade SRB"]
[Date "2007.11.23"]
[Round "2"]
[White "Jovicic,R"]
[Black "Rajcevic,S"]
[Result "0-1"]
[WhiteElo "2309"]
[BlackElo "2137"]

1.Nf3 d5 2.g3 Nf6 3.Bg2 Bf5 4.c4 c6 5.cxd5 cxd5 6.Nc3 e6 7.Nd4 Bg6 8.O-O Be7
9.d3 O-O 10.e4 Nc6 11.Nde2 d4 12.Nb1 Bh5 13.f3 e5 14.Nd2 Nd7 15.h4 f6 16.g4 Bf7
17.a3 Rc8 18.f4 Nc5 19.Rf3 b5 20.f5 Na5 21.Rg3 Nab3 22.Rb1 a5 23.Nf1 Nxc1
24.Nxc1 h6 25.Nd2 Qc7 26.Nf3 Nd7 27.Ne1 Nc5 28.Bf1 Na4 29.Rg2 Qb6 30.Nf3 Qd6
31.Qd2 Rc6 32.Qxa5 Qc7 33.Qe1 Rc8 34.Ne2 Kf8 35.g5 hxg5 36.hxg5 Ke8 37.gxf6 Bxf6
38.Ng5 Rc2 39.Nh7 Ke7 40.Nxf6 gxf6 41.Ng3 Rxg2+ 42.Bxg2 Qc2 43.Rd1 Qxb2 44.Qa5 Nc5
45.Qa7+ Nd7  0-1

[Event "20th Belgrade Trophy"]
[Site "Belgrade SRB"]
[Date "2007.11.23"]
[Round "2"]
[White "Simic,R"]
[Black "Radusinovic,L"]
[Result "1-0"]
[WhiteElo "2394"]
[BlackElo "2070"]

1.g3 d5 2.Nf3 Nf6 3.Bg2 g6 4.c4 c6 5.cxd5 cxd5 6.O-O Bg7 7.d4 O-O 8.Nc3 Nc6
9.Bf4 Bf5 10.Ne5 Rc8 11.Rc1 Qa5 12.Qd2 Rfd8 13.Rfd1 Qb6 14.Nxc6 Rxc6 15.Be5 Ne4
16.Bxe4 Bxe4 17.Bxg7 Kxg7 18.g4 Rc4 19.b3 Rb4 20.Na4 Qd6 21.Nc5 a5 22.a3 Rb5
23.f3 Rf8 24.fxe4 dxe4 25.Nxe4 Qxa3 26.d5 Qb4 27.Rc4 Qxb3 28.Rb4 axb4 29.Qd4+  1-0